|
|
|
|
| LEADER |
00000nab a2200000 ar4500 |
| 001 |
vtls010347642 |
| 003 |
SK-MaSNL |
| 005 |
20260305031209.0 |
| 008 |
120315c20101201xo mr|p|||||||000 b|slo |
| 038 |
|
|
|a SNSK
|
| 040 |
|
|
|b slo
|c SNSK
|e AACR2
|
| 041 |
|
|
|a slo
|
| 044 |
|
|
|a xo
|c SK
|
| 080 |
|
|
|a 324
|x (437.678)
|x "2010"
|2 2001
|
| 080 |
|
|
|a 352.08
|x (437.678)
|2 2001
|
| 245 |
0 |
0 |
|a Smižany
|b Kotradyho potvrdili na poste starostu
|c [autor](šim)
|
| 300 |
|
|
|b Fotogr.
|
| 648 |
|
7 |
|a 2010
|2 snsk
|9 324355
|
| 650 |
0 |
7 |
|a komunálne voľby
|2 snsk
|9 4164
|
| 650 |
0 |
7 |
|a starostovia
|2 snsk
|9 29670
|
| 650 |
0 |
7 |
|a výsledky
|2 snsk
|9 493505
|
| 651 |
|
7 |
|a Smižany (Slovensko)
|2 snsk
|9 29314
|
| 651 |
|
7 |
|a Spišská Nová Ves (Slovensko : okres)
|2 snsk
|9 22259
|
| 773 |
0 |
|
|t Spišský Korzár
|g Roč. XII., č. 276 (1.12.2010), s. 2
|x 1335-7590
|
| 852 |
|
|
|a SNSK
|b KIS3GCP
|
| 999 |
|
|
|c 3315213
|d 3317143
|